| Tag |
First Indicator |
Second Indicator |
Subfields |
| LEADER |
00000cim a2200000Ia 4500 |
| 001 |
in00002784001 |
| 005 |
20151202172118.0 |
| 007 |
sd fmngnnmmned |
| 008 |
120807s2012 miunnnn f n eng d |
| 020 |
|
|
|a 9781455887538
|
| 020 |
|
|
|a 1455887536
|
| 020 |
|
|
|a 9781455887552
|
| 020 |
|
|
|a 1455887552
|
| 024 |
3 |
|
|a 9781455887538
|
| 035 |
|
|
|a (OCoLC)ocn803899781
|
| 040 |
|
|
|a TOH
|c TOH
|d WIM
|d TEF
|d LD4
|d UtOrBLW
|
| 043 |
|
|
|a n-us-mo
|
| 049 |
|
|
|a TXAM
|
| 050 |
|
4 |
|a PS3568.O196
|b S55 2012b
|
| 082 |
0 |
4 |
|a 813/.54
|2 23
|
| 100 |
1 |
|
|a Robards, Karen.
|
| 245 |
1 |
0 |
|a Shiver /
|c Karen Robards.
|
| 250 |
|
|
|a Unabridged.
|
| 264 |
|
1 |
|a Grand Haven, MI :
|b Brilliance Audio,
|c [2012]
|
| 264 |
|
4 |
|c ℗2012
|
| 300 |
|
|
|a 9 sound discs (10 hr., 16 min.) :
|b digital ;
|c 4 3/4 in.
|
| 336 |
|
|
|a spoken word
|b spw
|2 rdacontent
|
| 337 |
|
|
|a audio
|b s
|2 rdamedia
|
| 338 |
|
|
|a audio disc
|b sd
|2 rdacarrier
|
| 490 |
1 |
|
|a Brilliance Audio on compact disc
|
| 511 |
0 |
|
|a Performed by Shannon McManus.
|
| 508 |
|
|
|a Director, John Baker.
|
| 500 |
|
|
|a Compact discs.
|
| 520 |
|
|
|a "If driving a piece-of-crap tow truck through the seediest part of town with a Smith & Wesson beside her means putting a roof over her son's head, then Samantha Jones is going to be the best damn repo woman on the books. The streetwalkers, the drug pushers, the bands of looking-for-trouble punks haunting the mean streets at midnight don't intimidate her. These are her people. The guy she finds bound and bloodied in the trunk of her latest conquest, a flashy new BMW, is a different breed entirely. Daniel Panterro was certain he was going to die. Instead, by a stroke of luck, he was beaten to within an inch of his life and left for dead. But if he's having a bad day, Sam's day is about to get way worse. Danny knows he hasn't seen the last of the vicious drug runners who kidnapped him from protective custody. His only recourse is to take his pretty savior hostage and force her to help him. There's no going back for Sam and her four-year-old son, Tyler. They're in way too deep. With ruthless killers stalking their trail, Sam's only choice is to trust this handsome, menacing stranger. But as she relinquishes control, Sam feels an unmistakable desire. Could she be tempted by Danny, who seems intent on protecting her and Tyler from even his own darkest secrets? And what is the price of falling in love with a man who operates on the edge of danger-- her heart, her life-- or both?" -- from publisher's web site.
|
| 500 |
|
|
|a Sound recording.
|
| 650 |
|
0 |
|a Single mothers
|v Fiction.
|
| 650 |
|
0 |
|a Violent crimes
|v Fiction.
|
| 650 |
|
0 |
|a Drug traffic
|v Fiction.
|
| 650 |
|
0 |
|a Abduction
|v Fiction.
|
| 651 |
|
0 |
|a Saint Louis (Mo.)
|v Fiction.
|
| 655 |
|
7 |
|a Romantic suspense fiction.
|2 gsafd
|
| 655 |
|
7 |
|a Audiobooks.
|2 lcgft
|
| 700 |
1 |
|
|a McManus, Shannon,
|e narrator.
|
| 710 |
2 |
|
|a Brilliance Audio (Firm)
|
| 830 |
|
0 |
|a Brilliance Audio on compact disc.
|
| 856 |
7 |
|
|3 View cover art
|u http://midwesttapes.com/images/movies/000/000/000/010/726/000000000010726355.gif
|2 http
|t 0
|
| 948 |
|
|
|a cataloged
|b h
|c 2013/1/24
|d c
|e ceaton
|f 2:21:48 pm
|
| 994 |
|
|
|a C0
|b TXA
|
| 999 |
|
|
|a MARS
|
| 999 |
f |
f |
|s d75bcc41-82f8-3c83-833c-36ad93c3126b
|i 6f6c7072-b6da-3a17-81ea-6e7956fc8653
|t 0
|
| 952 |
f |
f |
|p ric
|a Texas A&M University
|b Rellis Campus
|c Joint Library Facility
|d Remote Storage
|t 0
|e PS3568.O196 S55 2012b
|h Library of Congress classification
|i audio -- audio disc
|m A14841688181
|
| 998 |
f |
f |
|a PS3568.O196 S55 2012b
|t 0
|l Remote Storage
|